Statistics for U.S. Presidents Who Were Generals

Click here to take the quiz!

General Stats

  • This quiz has been taken 148 times
  • The average score is 9 of 12

Answer Stats

Highest RankAnswer% Correct
General of the ArmiesGeorge Washington
99%
General of the ArmyDwight D. Eisenhower
94%
General of the ArmyUlysses S. Grant
92%
Major GeneralAndrew Jackson
81%
Major GeneralWilliam Henry Harrison
72%
Brevet Brigadier GeneralBenjamin Harrison
70%
Major GeneralZachary Taylor
69%
Brevet Major GeneralRutherford B. Hayes
61%
Brigadier GeneralAndrew Johnson
59%
Major GeneralJames Garfield
56%
Brigadier General (New York Militia)Chester A. Arthur
53%
Brigadier GeneralFranklin Pierce
47%

Score Distribution

Percentile by Number Answered

Percent of People with Each Score

Your Score History

You have not taken this quiz